| 000 | 00901nam a2200217 a 4500 | ||
|---|---|---|---|
| 003 | 0 | ||
| 005 | 20250415161115.0 | ||
| 008 | 970101s19uu xx 00 eng d | ||
| 050 |
_aPGS TX 361.B8 _b.B572 2004 |
||
| 100 | _aBewlay, Sanchia Anna Therese. | ||
| 245 |
_aThe effects of breakfast in enhancing attention and reinforcing learning among grade 6 students of S.I.S.C. / _cSanchia Anna Therese Bewlay. |
||
| 260 |
_aLas PiƱas City, Philippines : _bSouthville International School and Colleges, _c2004. |
||
| 300 |
_a37 pages : _bcolored illustrations ; _c28 cm. |
||
| 504 | _aIncludes bibliographical references. | ||
| 650 |
_aBreakfast _vHealth aspects. |
||
| 650 |
_aLearning _vPhysiological aspects. |
||
| 650 |
_aChildren _vNutrition _vEffect on learning. |
||
| 650 |
_aAcademic achievement _vNutrition influences. |
||
| 650 |
_aAttention _vNutritional influences. |
||
| 942 |
_2lcc _cPASS |
||
| 999 |
_c96954 _d96954 |
||